000 00366nam a22001217a 4500
082 _a909.82
_bKEN
100 _aKennedy, Paul
245 _aThe Rise and Fall of The Great Powers :
_bEconomic change and Military Conflict from 1500 to 2000/
_cPaul Kennedy,
260 _aUSA :
_bServices book club,
_c1996.
300 _axii, 893 p.
563 _aHB
942 _2ddc
_cBK
999 _c595109
_d595109